Holiday Quiz

Random Holiday or Halloween Quiz
Score 0/24 Timer 05:00
0 Plays Today
% Correct
Mario - Luigi
93.4%
Darth Vader - Stormtrooper
92.7%
Bart - Homer
92.5%
Charlie Brown - Snoopy
92.5%
SpongeBob - Patrick
92.1%
Woody - Buzz Lightyear
91.5%
Corpse Bride - Victor Van Dort
91.1%
Minnie - Mickey
91%
Obama - Biden
90.6%
Smiley - Cryley
89.8%
Daffy Duck - Bugs Bunny
88.6%
Scooby - Shaggy
87.5%
% Correct
Cookie Monster - Elmo
86%
Pikachu - Squirtle
84.4%
Captain America - Shield
84.4%
Harry Potter - HP
82.9%
Jack-Jack Parr - The Incredibles
82.7%
Roadrunner - Wile E. Coyote
81.9%
Batman - Joker
78.1%
Spartans - Michigan State
76.8%
Count Chocula - Frankenberry
75.2%
Sully - Mike Wazowski
73.8%
Astros - Rockets
63.3%
Red Sox - Patriots
57.1%

You're not logged in!

Compare scores with friends on all Sporcle quizzes.
OR
Log In

Sporcle TV

Today on Sporcle TV


Watch our educational content, quiz creation guides, and fun videos on Sporcle TV.

Show Comments

Extras

Top Quizzes Today


Score Distribution

Paid Content

Your Account Isn't Verified!

In order to create a playlist on Sporcle, you need to verify the email address you used during registration. Go to your Sporcle Settings to finish the process.

Report this User

Report this user for behavior that violates our Community Guidelines.

Details: